Statystyki dla Polscy Laureaci Nagrody Nobla

Kliknij tutaj aby rozwiązać quiz!

Ogólne statystyki

  • Ten quiz został rozwiązany 3 738 razy
    (1 921 od ostatniego zresetowania)
  • Średni wynik to 6 z 7

Statystyki odpowiedzi

Odpowiedź% Poprawnych
Maria Skłodowska Curie
99%
Lech Wałęsa
93%
Henryk Sienkiewicz
83%
Wisława Szymborska
83%
Olga Tokarczuk
77%
Czesław Miłosz
72%
Władysław Reymont
64%

Rozkład punktacji

Percentyl według liczby udzielonych odpowiedzi

Procent ludzi z każdym wynikiem

Twoja historia wyników

Nie rozwiązałeś tego quizu od ostatniego zresetowania